000 00692nam a2200217 a 4500
001 000048945
003 DO-SdBNP
005 20220824105235.0
007 ta
008 190506s2019 dr a 000 spa d
020 _a9789945914368
040 _aDO-SdBNP
_bspa
_cBNPHU
082 _axxx
_bR426s
110 1 _aMinisterio de Medio Ambiente y Recursos Naturales
_bMinisterio de Medio Ambiente y Recursos Naturales
_976380
245 0 _aSexto informe Nacional de biodiversidad de la República Dominicana
260 _aSanto Domingo :
_bMinisterio de Medio Ambiente,
_c2019.
300 _a212 p. :
_bil. ;
_c29 cm.
590 _aInventariado, 2022 / DG
910 _aDG
942 _2ddc
_cLBS1
999 _c51803
_d51803